[Event "Madrid-chT 2021"]
[Site "Madrid"]
[Date "2021.04.17"]
[Round "8.4"]
[White "Rodriguez Lopez, David"]
[Black "Alfaya Marcelo, Roberto"]
[Result "1/2-1/2"]
[WhiteElo "2149"]
[BlackElo "2199"]
[PlyCount "149"]
[EventDate "2021.01.23"]
[EventType "team-tourn"]
[EventRounds "14"]
[EventCountry "ESP"]
[SourceTitle "EXT 2022"]
[Source "ChessBase"]
[SourceDate "2021.10.06"]
[SourceVersion "1"]
[SourceVersionDate "2021.10.06"]
[SourceQuality "1"]
[WhiteTeam "Tajamar"]
[BlackTeam "San Sebastian de los Reyes"]
[WhiteTeamCountry "ESP"]
[BlackTeamCountry "ESP"]

1. e4 c5 2. c3 d5 3. exd5 Qxd5 4. d4 Nf6 5. Nf3 Bg4 6. Be2 e6 7. 0-0 Nc6 8. Na3 Be7 9. Nb5 Rc8 10. h3 Bh5 11. dxc5 Bxc5 12. Bf4 0-0 13. Bd6 Bxd6 14. Nxd6 Rc7 15. Qxd5 Nxd5 16. Nb5 Rd7 17. Nfd4 Bxe2 18. Nxe2 a6 19. Nbd4 Nxd4 20. Nxd4 Rfd8 21. f4 Nxf4 22. Rxf4 e5 23. Re4 exd4 24. Rd1 d3 25. Rd2 f5 26. Rf4 Rd5 27. c4 Re5 28. Kf2 Re4 29. Rxf5 Rxc4 30. Ke3 Rcd4 31. Re5 R4d7 32. Re4 g5 33. Rc4 Re7+ 34. Re4 Red7 35. Rc4 Kf7 36. Rc3 Ke6 37. Rcxd3 Rxd3+ 38. Rxd3 Rxd3+ 39. Kxd3 Ke5 40. Ke3 a5 41. a4 h5 42. g3 Kd5 43. Kd3 b6 44. b3 Kc5 45. Ke4 Kb4 46. Kf5 g4 47. hxg4 hxg4 48. Kxg4 Kxb3 49. Kh5 Kxa4 50. g4 b5 51. g5 b4 52. g6 b3 53. g7 b2 54. g8Q b1Q 55. Qc4+ Qb4 56. Qa2+ Kb5 57. Qe2+ Qc4 58. Qb2+ Kc5 59. Qa3+ Kb6 60. Qd6+ Qc6 61. Qb8+ Ka6 62. Kh4 a4 63. Qb4 Qb5 64. Qc3 Kb6 65. Qf6+ Ka5 66. Qd8+ Kb4 67. Qd2+ Kc4 68. Qc2+ Kd4 69. Qd1+ Kc5 70. Qg1+ Kc6 71. Qg6+ Kc5 72. Qg1+ Kc4 73. Qf1+ Kb4 74. Qe1+ Kc5 75. Qg1+ 1/2-1/2

[Event "Madrid-chT 2021"]
[Site "Madrid"]
[Date "2021.04.11"]
[Round "7.4"]
[White "Rodriguez Lopez, David"]
[Black "Porras Fernandez, Alberto"]
[Result "1-0"]
[WhiteElo "2149"]
[BlackElo "1920"]
[PlyCount "39"]
[EventDate "2021.01.23"]
[EventType "team-tourn"]
[EventRounds "14"]
[EventCountry "ESP"]
[SourceTitle "EXT 2022"]
[Source "ChessBase"]
[SourceDate "2021.10.06"]
[SourceVersion "1"]
[SourceVersionDate "2021.10.06"]
[SourceQuality "1"]
[WhiteTeam "Tajamar"]
[BlackTeam "Capablanca"]
[WhiteTeamCountry "ESP"]
[BlackTeamCountry "ESP"]

1. e4 c5 2. c3 Nf6 3. e5 Nd5 4. d4 cxd4 5. Nf3 Nc6 6. cxd4 e6 7. Bc4 d6 8. 0-0 Be7 9. Qe2 0-0 10. Nc3 dxe5 11. dxe5 Nxc3 12. bxc3 Qc7 13. Re1 b6 14. Bd3 Bb7 15. Ng5 h6 16. Qe4 g6 17. Nxe6 Qc8 18. Nxf8 Qxf8 19. Bc4 Rd8 20. Qxg6+ 1-0

[Event "Madrid-chT 2021"]
[Site "Madrid"]
[Date "2021.02.28"]
[Round "2.4"]
[White "Hidalgo Duque, Carlos"]
[Black "Rodriguez Lopez, David"]
[Result "1/2-1/2"]
[WhiteElo "2242"]
[BlackElo "2149"]
[PlyCount "75"]
[EventDate "2021.01.23"]
[EventType "team-tourn"]
[EventRounds "14"]
[EventCountry "ESP"]
[SourceTitle "EXT 2022"]
[Source "ChessBase"]
[SourceDate "2021.10.06"]
[SourceVersion "1"]
[SourceVersionDate "2021.10.06"]
[SourceQuality "1"]
[WhiteTeam "Blanco y Negro"]
[BlackTeam "Tajamar"]
[WhiteTeamCountry "ESP"]
[BlackTeamCountry "ESP"]

1. Nf3 d5 2. d4 c6 3. c4 Nf6 4. e3 Bf5 5. Nc3 e6 6. Nh4 Be4 7. f3 Bg6 8. Qb3 Qb6 9. Nxg6 hxg6 10. Bd2 Bd6 11. 0-0-0 Qxb3 12. axb3 Nbd7 13. h3 0-0-0 14. Bd3 e5 15. cxd5 Nxd5 16. Nxd5 cxd5 17. dxe5 Nxe5 18. Bc3 Rhe8 19. Bb5 Nc6 20. Rxd5 Rxe3 21. Rhd1 Be7 22. Bc4 Bf6 23. Rxd8+ Nxd8 24. Kd2 Re7 25. Bxf6 Rd7+ 26. Kc2 Rxd1 27. Kxd1 gxf6 28. h4 f5 29. g4 fxg4 30. fxg4 Kd7 31. Kd2 Kd6 32. Bd3 Ke5 33. h5 gxh5 34. gxh5 f5 35. Ke3 Nf7 36. b4 Ng5 37. b5 b6 38. Bc4 1/2-1/2

[Event "Madrid-chT 1920 Honor"]
[Site "Madrid"]
[Date "2020.03.08"]
[Round "12.2"]
[White "Rodriguez Lopez, David"]
[Black "Moreno Ruiz, Javier"]
[Result "0-1"]
[WhiteElo "2160"]
[BlackElo "2434"]
[PlyCount "120"]
[EventDate "2019.11.24"]
[EventType "team-tourn"]
[EventRounds "12"]
[EventCountry "ESP"]
[SourceTitle "EXT 2021"]
[Source "ChessBase"]
[SourceDate "2020.10.23"]
[SourceVersion "1"]
[SourceVersionDate "2020.10.23"]
[SourceQuality "1"]
[WhiteTeam "Tajamar"]
[BlackTeam "Collado Villalba"]
[WhiteTeamCountry "ESP"]
[BlackTeamCountry "ESP"]

1. e4 e6 2. d4 d5 3. Bd3 dxe4 4. Bxe4 Nf6 5. Bf3 c5 6. Ne2 Nc6 7. Be3 e5 8. Bxc6+ bxc6 9. dxe5 Qxd1+ 10. Kxd1 Ng4 11. Nd2 Be7 12. Nc4 Ba6 13. Nd6+ Bxd6 14. exd6 Nxe3+ 15. fxe3 0-0-0 16. Nc3 Rxd6+ 17. Kc1 Re8 18. e4 Rf6 19. b3 Rf2 20. Kb2 Bd3 21. Rac1 Bxe4 22. Rhf1 Rxf1 23. Rxf1 Bg6 24. Rf2 Kc7 25. Na4 Re5 26. Kc3 f6 27. Nb2 Rh5 28. g3 Be4 29. Nc4 Rd5 30. Re2 Bg6 31. Nb2 Kd7 32. Nc4 h5 33. Ne3 Re5 34. Rd2+ Kc7 35. Nc4 Re1 36. a4 Be4 37. Rf2 f5 38. Kd2 Rg1 39. Ne3 g6 40. Kc3 Kd6 41. Rd2+ Ke5 42. Nc4+ Kf6 43. Nd6 Bd5 44. Nb7 h4 45. gxh4 f4 46. Nxc5 f3 47. Rf2 Rg2 48. Nd3 Be4 49. Rf1 Rxh2 50. Nf2 Kf5 51. Kd4 Bxc2 52. Ke3 Bxb3 53. Kxf3 Bc4 54. Ra1 Bd5+ 55. Ke3 Rxh4 56. a5 g5 57. Nd3 Re4+ 58. Kf2 g4 59. a6 g3+ 60. Kg1 Rh4 0-1

[Event "Madrid-chT 1920 Honor"]
[Site "Madrid"]
[Date "2020.02.22"]
[Round "10.2"]
[White "Rodriguez Lopez, David"]
[Black "Almagro Llamas, Pablo"]
[Result "1-0"]
[WhiteElo "2160"]
[BlackElo "2458"]
[PlyCount "45"]
[EventDate "2019.11.24"]
[EventType "team-tourn"]
[EventRounds "12"]
[EventCountry "ESP"]
[SourceTitle "EXT 2021"]
[Source "ChessBase"]
[SourceDate "2020.10.23"]
[SourceVersion "1"]
[SourceVersionDate "2020.10.23"]
[SourceQuality "1"]
[WhiteTeam "Tajamar"]
[BlackTeam "Virgen de Atocha"]
[WhiteTeamCountry "ESP"]
[BlackTeamCountry "ESP"]

1. e4 c5 2. c3 d5 3. exd5 Qxd5 4. d4 Nf6 5. Nf3 e6 6. Na3 cxd4 7. Nb5 Qd8 8. Nbxd4 a6 9. Bf4 Be7 10. Bc4 b5 11. Bb3 Qb6 12. 0-0 Nbd7 13. a4 bxa4 14. Bxa4 Nd5 15. Bc6 Bb7 16. Bxd7+ Kxd7 17. Ne5+ Kc8 18. Qa4 Rd8 19. Bg3 f6 20. Nc4 Qa7 21. Nxe6 Rd7 22. Rad1 a5 23. Nc7 1-0

[Event "Madrid-chT 1920 Honor"]
[Site "Madrid"]
[Date "2020.02.08"]
[Round "8.2"]
[White "Rodriguez Lopez, David"]
[Black "Valles Moreno, Ivan"]
[Result "0-1"]
[WhiteElo "2160"]
[BlackElo "2415"]
[PlyCount "40"]
[EventDate "2019.11.24"]
[EventType "team-tourn"]
[EventRounds "12"]
[EventCountry "ESP"]
[SourceTitle "EXT 2021"]
[Source "ChessBase"]
[SourceDate "2020.10.23"]
[SourceVersion "1"]
[SourceVersionDate "2020.10.23"]
[SourceQuality "1"]
[WhiteTeam "Tajamar"]
[BlackTeam "Villalba 64"]
[WhiteTeamCountry "ESP"]
[BlackTeamCountry "ESP"]

1. e4 c5 2. c3 e6 3. d4 d5 4. exd5 exd5 5. Bd3 Nc6 6. Ne2 Qf6 7. 0-0 Bd6 8. dxc5 Bxc5 9. Ng3 h5 10. Nd2 Bg4 11. Be2 Qg6 12. Nb3 Bb6 13. Qxd5 Nf6 14. Qg5 h4 15. Qxg6 fxg6 16. Ne4 Bxe2 17. Nxf6+ gxf6 18. Re1 0-0-0 19. Bf4 Bc4 20. Nd4 g5 0-1

[Event "Madrid-chT 1920 Honor"]
[Site "Madrid"]
[Date "2019.11.24"]
[Round "1.2"]
[White "Khamrakulov, Ibragim S"]
[Black "Rodriguez Lopez, David"]
[Result "1/2-1/2"]
[WhiteElo "2417"]
[BlackElo "2149"]
[PlyCount "34"]
[EventDate "2019.11.24"]
[EventType "team-tourn"]
[EventRounds "12"]
[EventCountry "ESP"]
[SourceTitle "EXT 2021"]
[Source "ChessBase"]
[SourceDate "2020.10.23"]
[SourceVersion "1"]
[SourceVersionDate "2020.10.23"]
[SourceQuality "1"]
[WhiteTeam "Villalba 64"]
[BlackTeam "Tajamar"]
[WhiteTeamCountry "ESP"]
[BlackTeamCountry "ESP"]

1. e4 e5 2. Nf3 Nc6 3. Bc4 Be7 4. d4 d6 5. h3 exd4 6. Nxd4 Nf6 7. Nc3 Nxd4 8. Qxd4 0-0 9. Be3 Nd7 10. Nd5 Bf6 11. Nxf6+ Qxf6 12. c3 Re8 13. f3 Qh4+ 14. Bf2 Qf4 15. Be3 Qg3+ 16. Bf2 Qf4 17. Be3 Qg3+ 1/2-1/2

[Event "Madrid Tajamar Easter op-A"]
[Site "Madrid"]
[Date "2018.03.24"]
[Round "3"]
[White "Perez Gonzalez, Jose Manuel"]
[Black "Rodriguez Lopez, David"]
[Result "1/2-1/2"]
[WhiteElo "2277"]
[BlackElo "2029"]
[PlyCount "60"]
[EventDate "2018.03.22"]
[EventType "swiss"]
[EventRounds "7"]
[EventCountry "ESP"]
[SourceTitle "EXT 2019"]
[Source "ChessBase"]
[SourceDate "2018.10.10"]
[SourceVersion "1"]
[SourceVersionDate "2018.10.10"]
[SourceQuality "1"]

1. e4 e5 2. Nf3 Nc6 3. Bc4 Bc5 4. b4 Bxb4 5. c3 Ba5 6. d4 d6 7. Qb3 Qd7 8. dxe5 Bb6 9. Nbd2 Na5 10. Qb4 Nxc4 11. Nxc4 Bc5 12. Qb3 Ne7 13. 0-0 0-0 14. exd6 cxd6 15. Rd1 Qc6 16. Rb1 Be6 17. Qxb7 Bxc4 18. Qxe7 Rae8 19. Qb7 Qxb7 20. Rxb7 Ba6 21. Rc7 Rxe4 22. Be3 Be2 23. Rd2 Bxf3 24. gxf3 Rxe3 25. fxe3 Bxe3+ 26. Rf2 f6 27. Kg2 Bxf2 28. Kxf2 Rf7 29. Rc8+ Rf8 30. Rc7 Rf7 1/2-1/2

[Event "Madrid-ch Previa-B"]
[Site "Madrid"]
[Date "2018.02.17"]
[Round "7"]
[White "Anton Quevedo, Andrea"]
[Black "Rodriguez Lopez, David"]
[Result "1/2-1/2"]
[WhiteElo "1940"]
[BlackElo "2044"]
[PlyCount "89"]
[EventDate "2018.02.01"]
[EventType "swiss"]
[EventRounds "9"]
[EventCountry "ESP"]
[SourceTitle "EXT 2020"]
[Source "ChessBase"]
[SourceDate "2019.10.17"]
[SourceVersion "1"]
[SourceVersionDate "2019.10.17"]
[SourceQuality "1"]

1. e4 e5 2. Nf3 Nc6 3. Bc4 Bc5 4. 0-0 Nf6 5. d3 0-0 6. c3 d6 7. Nbd2 Be6 8. Bb3 Bxb3 9. Nxb3 Bb6 10. h3 Ne7 11. Re1 Ng6 12. Nbd2 Nd7 13. Nc4 f5 14. Nxb6 axb6 15. Qb3+ Kh8 16. Qd5 Ne7 17. Qc4 h6 18. b4 fxe4 19. Qxe4 Nc6 20. Bd2 Nf6 21. Qe2 Qd7 22. b5 Ne7 23. c4 Ng6 24. Qf1 Nh5 25. d4 Nhf4 26. Re3 Rae8 27. dxe5 dxe5 28. Bc3 e4 29. Nd2 Nd3 30. Nxe4 Nxf2 31. Qe2 Nf4 32. Qc2 N4d3 33. Rf1 Nxe4 34. Rxf8+ Rxf8 35. Qxd3 Qxd3 36. Rxd3 Nc5 37. Re3 Rf7 38. g3 Kh7 39. Kg2 Kg6 40. Be5 Rd7 41. Bc3 Kf5 42. a3 Kg6 43. Bb4 Kf6 44. Bc3+ Kg6 45. Bb4 1/2-1/2

[Event "Madrid-ch Previa-B"]
[Site "Madrid"]
[Date "2018.02.09"]
[Round "4"]
[White "Rodriguez Lopez, David"]
[Black "Garcia Prados, David"]
[Result "1-0"]
[WhiteElo "2044"]
[BlackElo "1919"]
[PlyCount "83"]
[EventDate "2018.02.01"]
[EventType "swiss"]
[EventRounds "9"]
[EventCountry "ESP"]
[SourceTitle "EXT 2020"]
[Source "ChessBase"]
[SourceDate "2019.10.17"]
[SourceVersion "1"]
[SourceVersionDate "2019.10.17"]
[SourceQuality "1"]

1. e4 e6 2. d4 d5 3. Bd3 dxe4 4. Bxe4 Nf6 5. Bf3 c5 6. Ne2 Nc6 7. Be3 Nd5 8. Nbc3 Nxe3 9. fxe3 cxd4 10. exd4 Bb4 11. 0-0 0-0 12. Ne4 Qb6 13. c3 Be7 14. Qb3 Qxb3 15. axb3 Bd7 16. b4 a6 17. Nc5 Bxc5 18. bxc5 Rab8 19. Ng3 Ne7 20. Ne4 Bc6 21. Nd6 Bxf3 22. Rxf3 Nc8 23. Nc4 f6 24. Re1 Re8 25. Rfe3 Kf7 26. d5 e5 27. d6 Rd8 28. b4 Ke6 29. Kf2 Kd7 30. Rxe5 b5 31. c6+ Kxc6 32. Rc5+ Kb7 33. Na5+ Kb6 34. Nc6 Nxd6 35. Nxb8 Rxb8 36. Rd5 Rd8 37. Kf3 Kc6 38. Rd2 Rd7 39. Rde2 Nc4 40. Re6+ Kb7 41. Re7 Ne5+ 42. R1xe5 1-0

[Event "Madrid-ch Previa-B"]
[Site "Madrid"]
[Date "2018.02.03"]
[Round "3"]
[White "Vukotic Jovsic, Dragan"]
[Black "Rodriguez Lopez, David"]
[Result "1/2-1/2"]
[WhiteElo "1948"]
[BlackElo "2044"]
[PlyCount "110"]
[EventDate "2018.02.01"]
[EventType "swiss"]
[EventRounds "9"]
[EventCountry "ESP"]
[SourceTitle "EXT 2020"]
[Source "ChessBase"]
[SourceDate "2019.10.17"]
[SourceVersion "1"]
[SourceVersionDate "2019.10.17"]
[SourceQuality "1"]

1. d4 d5 2. Nf3 Nf6 3. Bf4 Bf5 4. e3 e6 5. Bd3 Bxd3 6. Qxd3 c5 7. dxc5 Bxc5 8. Qb5+ Nbd7 9. Qxb7 0-0 10. Nbd2 Qe7 11. Nb3 Bb4+ 12. c3 Bd6 13. Bxd6 Qxd6 14. Qb5 a5 15. 0-0 a4 16. Nbd4 a3 17. b3 Rfc8 18. Rac1 Ne4 19. Qd3 e5 20. Ne2 Ndf6 21. Nd2 Nc5 22. Qf5 g6 23. Qb1 e4 24. Nf4 g5 25. Ne2 Nd3 26. Rc2 Ng4 27. Ng3 h5 28. Qd1 f5 29. Nf3 Nb2 30. Nxf5 Qd7 31. Qxd5+ Qxd5 32. Ne7+ Kf7 33. Nxd5 exf3 34. Nb6 fxg2 35. Kxg2 Rab8 36. Nxc8 Rxc8 37. h3 Nf6 38. c4 Ke6 39. Rxb2 axb2 40. Rb1 g4 41. Rxb2 Kf5 42. hxg4+ Nxg4 43. a4 Rg8 44. Kh3 Ke4 45. Kh4 Nf6 46. a5 Kf3 47. b4 Rg4+ 48. Kh3 Rg1 49. Kh4 Rg4+ 50. Kh3 Ne4 51. a6 Rg1 52. Kh2 Rg2+ 53. Kh3 Rg1 54. Kh2 Rg2+ 55. Kh3 Rg1 1/2-1/2

[Event "Madrid-ch Previa-B"]
[Site "Madrid"]
[Date "2018.02.01"]
[Round "1"]
[White "Aragon Pena, Andres J"]
[Black "Rodriguez Lopez, David"]
[Result "1/2-1/2"]
[WhiteElo "1813"]
[BlackElo "2044"]
[PlyCount "82"]
[EventDate "2018.02.01"]
[EventType "swiss"]
[EventRounds "9"]
[EventCountry "ESP"]
[SourceTitle "EXT 2020"]
[Source "ChessBase"]
[SourceDate "2019.10.17"]
[SourceVersion "1"]
[SourceVersionDate "2019.10.17"]
[SourceQuality "1"]

1. e4 e5 2. Nf3 Nc6 3. d4 exd4 4. Nxd4 Nf6 5. Nc3 Nxe4 6. Nxe4 Qe7 7. f3 d5 8. Nxc6 bxc6 9. Qe2 dxe4 10. Qxe4 Qxe4+ 11. fxe4 Bc5 12. Bf4 Bb6 13. Be2 0-0 14. 0-0-0 Be6 15. h3 f6 16. Ba6 Rab8 17. b3 Kf7 18. g4 Rfd8 19. c3 Rxd1+ 20. Rxd1 Ke7 21. Be2 Rd8 22. Rxd8 Kxd8 23. Kd2 Bc5 24. Bd3 g6 25. Ke2 Bd6 26. Be3 c5 27. Bb5 h5 28. Kf3 hxg4+ 29. hxg4 g5 30. Bc6 Bd7 31. Bd5 c6 32. Bg8 Kc7 33. Bc4 Kb7 34. Bf7 Kb8 35. c4 a6 36. Bg6 Kc7 37. Bf5 Be8 38. Ke2 Bf7 39. Kd3 Bg8 40. Bd2 Kb6 41. Be1 Bf7 1/2-1/2